书目信息 |
| 题名: |
药物中间体化学
|
|
| 作者: | 吕春绪 著 | |
| 分册: | ||
| 出版信息: | 北京 化学工业出版社 2008 |
|
| 页数: | 474页 | |
| 开本: | 26cm | |
| 丛书名: | ||
| 单 册: | ||
| 中图分类: | TQ460.31 | |
| 科图分类: | ||
| 主题词: | 药物--中间体--化学合成 , 药物 , 中间体 , 化学合成 | |
| 电子资源: | ||
| ISBN: | 978-7-122-02581-4 | |
| 000 | 00988nam0 2200265 45 | |
| 005 | 20100303145011.57 | |
| 010 | @a978-7-122-02581-4@dCNY80.00 | |
| 100 | @a20100121d2008 em y0chiy0110 ea | |
| 101 | 0 | @achi |
| 102 | @aCN@b110000 | |
| 105 | @ay z 000yy | |
| 106 | @ar | |
| 200 | 1 | @a药物中间体化学@AYao Wu Zhong Jian Ti Hua Xue@f吕春绪[等]著@FLu^ Chun Xu [ Deng ] Zhu |
| 210 | @a北京@c化学工业出版社@d2008 | |
| 215 | @a474页@d26cm | |
| 304 | @a著者还有:胡炳成、叶志文、罗军、李斌栋、钱华 | |
| 330 | @a本书系统论述了药物中间体合成的基本反应与技术,包括中间体合成设计、环合反应、硝化反应、磺化反应、酰化反应、加成反应、氧化反应、还原反应、缩合反应、氨解反应、烷基化反应、卤化反应、手性药物中间体的合成及药物中间体分离与结构鉴定等内容。 | |
| 606 | 0 | @a药物@x中间体@x化学合成 |
| 606 | 0 | @a药物 |
| 606 | 0 | @a中间体 |
| 606 | 0 | @a化学合成 |
| 690 | @aTQ460.31@v4 | |
| 701 | 0 | @a吕春绪@ALu^ Chun Xu@4著 |
| 801 | 0 | @aCN@bTANGWEI@c20100303 |
| 905 | @b0584965-69@dTQ460.31@e38@f5 | |
| 药物中间体化学/吕春绪[等]著.-北京:化学工业出版社,2008 |
| 474页;26cm |
| ISBN 978-7-122-02581-4:CNY80.00 |
| 本书系统论述了药物中间体合成的基本反应与技术,包括中间体合成设计、环合反应、硝化反应、磺化反应、酰化反应、加成反应、氧化反应、还原反应、缩合反应、氨解反应、烷基化反应、卤化反应、手性药物中间体的合成及药物中间体分离与结构鉴定等内容。 |
| ● |
| 相关链接 |
|
|
|
|
正题名:药物中间体化学
索取号:TQ460.31/38
 
预约/预借
| 序号 | 登录号 | 条形码 | 馆藏地/架位号 | 状态 | 备注 |
| 1 | 0584965 | 205849652 | 第二样本阅览室/ [索取号:TQ460.31/38] | 在馆 | |
| 2 | 0584966 | 205849661 | 第三借阅区/ [索取号:TQ460.31/38] | 在馆 | |
| 3 | 0584967 | 205849670 | 密集书库-生命科学系/ [索取号:TQ460.31/38] | 在馆 | |
| 4 | 0584968 | 205849689 | 密集书库-化学系/ [索取号:TQ460.31/38] | 在馆 | |
| 5 | 0584969 | 205849698 | 第三借阅区/ [索取号:TQ460.31/38] | 在馆 |